000 00680nam a22002297a 4500
001 0006160
003 DO-SdBNP
005 20180201094202.0
007 0006160
008 160616b xxu pe a ||||| |||| 00| 0 spa d
040 _aBPMSU
_bspa
_cBPMSU
092 _axxxxx
_bxxxxx
100 1 _aGorki, Máximo,
_d1868-1936.
245 1 0 _aLa madre /
_cMáximo Gorki.
260 _aLima, Perú :
_bChirre,
_c[199-].
300 _a162 p. :
_bil. ;
_c17 cm.
490 1 _aGrandes genios de la literatura universal
830 0 _aGrandes genios de la literatura universal
942 _2ddc
_cBK
945 _aInventariado, 2018 /LP
956 _2LOPEREZ
_310
_6201600208
_8BPMSU
_a00041
999 _c10403
_d10403